Football Teams Ivan Perišić Played For - Statistics

General Stats
  • This quiz has been taken 42 times
  • The average score is 7 of 11
Answer Stats
League Years Team % Correct
Italy 2015-2019 Inter
92%
Italy 2020-2022 Inter
92%
Germany 2019-2020 FC Bayern München
89%
England 2022-2024 Tottenham Hotspur
89%
Germany 2011-2013 Borussia Dortmund
74%
Croatia 2024- HNK Hajduk Split
71%
Germany 2013-2015 VfL Wolfsburg
68%
Belgium 2009-2011 Club Brugge
55%
France 2008-2009 FC Sochaux-Montbéliard
26%
France 2006-2008 FC Sochaux-Montbéliard B
26%
Belgium 2009 KSV Roeselare
16%
No matching quizzes found
Score Distribution
Percent of People with Each Score
Percentile by Number Answered
Your Score History
You have not taken this quiz